| 000 | 00563nam a2200145Ia 4500 | ||
|---|---|---|---|
| 008 | 140724s9999 xx 000 0 und d | ||
| 050 |
_aTS 155 _b.N321 2009 |
||
| 100 | _aNavarrete, Elaine Joyce Bongyad. | ||
| 245 |
_aLearning institute program L.I.P information system for Southville International School and Colleges / _cElaine Joyce Bongyad Navarrete. |
||
| 260 |
_aLas PiƱas, Philippines : _bSouthville International School and Colleges, _cc2009. |
||
| 300 |
_a45 p. : _bill. ; _c28 cm. |
||
| 521 | _aInformation Technology | ||
| 942 | _cTH | ||
| 999 |
_c229280 _d229280 |
||